Estatísticas para Bandeira dos Estados do Brasil Quiz de Mapa

Clique aqui para jogar o quiz

Estatísticas Gerais

  • Esse quiz foi jogado 876 vezes
  • A pontuação média é 13 de 27

Respostas no mapa

Respostas codificadas por cores de uma escala verde-vermelha no mapa do quiz de acordo com a % correta abaixo.
 

Estatísticas das Respostas

Resposta% Correto
. São Paulo
76%
. Minas Gerais
68%
. Rio de Janeiro
62%
. Pernambuco
60%
. Rio Grande do Sul
59%
. Espírito Santo
58%
. Acre
58%
. Bahia
53%
. Pará
53%
. Distrito Federal
52%
. Paraná
52%
. Paraíba
51%
. Santa Catarina
51%
. Amazonas
45%
. Ceará
44%
. Tocantins
43%
. Maranhão
39%
. Amapá
38%
. Goiás
37%
. Mato Grosso
36%
. Rondônia
35%
. Alagoas
35%
. Mato Grosso do Sul
34%
. Roraima
34%
. Rio Grande do Norte
34%
. Piauí
28%
. Sergipe
25%

Distribuição das Pontuações

Percentil de Números Respondidos

Porcentagem de Pessoas com Cada Pontuação

Sua Pontuação Histórica

Você não jogou esse quiz